<?xml version="1.0" encoding="UTF-8"?>
<record
    xmlns:xsi="http://www.w3.org/2001/XMLSchema-instance"
    xsi:schemaLocation="http://www.loc.gov/MARC21/slim http://www.loc.gov/standards/marcxml/schema/MARC21slim.xsd"
    xmlns="http://www.loc.gov/MARC21/slim">

  <leader>00451    a2200109   4500</leader>
  <controlfield tag="001">ART_40038</controlfield>
  <controlfield tag="005">20260410161842.0</controlfield>
  <controlfield tag="008">260409a                                 </controlfield>
  <datafield tag="245" ind1="1" ind2="0">
    <subfield code="a">Los alcances subjetivos y objetivos de la sentencia anulatoria de un acto de alcance general a la luz de los nuevos derechos y garant&#xED;as de la Constituci&#xF3;n Nacional</subfield>
  </datafield>
  <datafield tag="100" ind1="1" ind2=" ">
    <subfield code="a">Garc&#xED;a Pull&#xE9;s, Fernando Ra&#xFA;l</subfield>
  </datafield>
  <datafield tag="773" ind1="0" ind2=" ">
    <subfield code="t">RAP</subfield>
    <subfield code="g">- A&#xF1;o 23, N&#xBA; 272 (may. 2001)</subfield>
    <subfield code="w">REV5941</subfield>
  </datafield>
  <datafield tag="999" ind1=" " ind2=" ">
    <subfield code="c">24157</subfield>
    <subfield code="d">24157</subfield>
  </datafield>
</record>
